000 00484nam a2200169Ia 4500
008 230711s9999||||xx |||||||||||||| ||und||
041 _aENG
082 _a621.381
_bZB-E
100 _aZbar,Paul B
245 0 _aBasic electronics : A text-lab manual (basic electricity-electronics series)
250 _a5th Ed.
260 _c1990
_aNew Delhi
_bTata McGraw Hill Education Limited
300 _a335
650 _aElectronics Engineering
700 _aMalvino,Albert Paul
942 _cBK
999 _c1706
_d1706